000 00442cam a22001337a 4500
008 180718b2008 xxu||||| |||| 00| 0 eng d
020 _a9788189640590
082 _aT31x54 P882
100 _aPradhan, Jaya Prakash
245 _aIndian multinationals in the world economy: implications for development
_cby Jaya Prakash Pradhan
260 _aNew Delhi
_bBookwell
_c2008
300 _a263p.
650 _aInternational business enterprises - India
999 _c415933
_d415933